00740nam a2200181 a 450000500170000000800410001702000180005805000270007610000200010324500660012326000650018930000100025450000510026452000690031565000300038499900190041495201250043320140412111311.0010330s19uu xx 00 eng d a0-590-93088-5 aTR(GS 808.82bP83 1997 aPugliano, Carol aEasy-to-read: folk and fairy tale plays /cby Carol Pugliano. aJeffersonC City. MO :bScholastic Professional Books,c1997. a56 p. aIncludes cross-curriculum extension activities aBuild literacy with reproducible plays based on classic stories. aPlaysxStudy and teaching c103990d103990 001040aELbELcTRd2001-03-30eLib. Fundg595.00l0oTR(GS 808.82 P83 1997pE6223r2014-04-12 00:00:00w2014-04-12yBK